Armes médiéval #2 - Statistiques

Statistiques générales
  • Ce quiz a été pris 42 fois
  • Le résultat moyen est 4 sur 16
Statistiques - réponses
Par images Réponse % Correct
fléau
89%
rapière
52%
cimeterre
44%
arc long
41%
étoile du matin
22%
pavois
22%
pique
22%
épée de coté
11%
francisque
11%
masse à ailette
11%
chausse trape
7%
falcata
7%
faux de guerre
7%
messer
7%
pertuisane
7%
khopesh
4%
Aucun quiz correspondant
Distribution des résultats
% des personnes avec chaque résultat
Percentile par nombre de réponses
Votre historique - résultats
Vous n’avez pas pris ce quiz